000 00667nam a2200229 a 4500
999 _c3655
_d3655
001 3655
003 BD-JhCC
005 20171130165146.0
008 171115s2003 bg a|||| ||a| 000 0 ben d
020 _a9848682325
035 _a(BD-JhCC)3655
040 _aBD-JhCC
_dBD-JhCC
041 _aben
082 _b891.4435
_2AHM 2003
100 _aআহমেদ, হুমায়ূন
245 _aটগর এন্ড জেরি /
_cহুমায়ূন আহমেদ
260 _aঢাকা :
_bঅন্যপ্রকাশ,
_c২০০৩.
300 _a7 p. :
_c25 cm.
_bill. ;
650 _aBengali Stories
942 _2ddc
_cBK